Fr. Conceicao Rodrigues College of Engineering

DIes (Record no. 20571)

MARC details
000 -LEADER
fixed length control field 00253nam a2200133Ia 4500
082 ## - DEWEY DECIMAL CLASSIFICATION NUMBER
Classification number 621.9
100 ## - MAIN ENTRY--PERSONAL NAME
Personal name Vladimirov V.
245 ## - TITLE STATEMENT
Title DIes
260 ## - PUBLICATION, DISTRIBUTION, ETC.
Name of publisher, distributor, etc. Mir Publishers
Date of publication, distribution, etc. 1972
300 ## - PHYSICAL DESCRIPTION
Extent 468
546 ## - LANGUAGE NOTE
Language note ENGLISH
654 ## - SUBJECT ADDED ENTRY--FACETED TOPICAL TERMS
Focus term moulds
942 ## - ADDED ENTRY ELEMENTS (KOHA)
Koha item type BOOK
Holdings
Withdrawn status Lost status Damaged status Not for loan Collection Home library Current library Date acquired Cost, normal purchase price Total Checkouts Full call number Barcode Date last seen Cost, replacement price Price effective from Koha item type
        AFT Fr. Agnel's C.Rodrigues College of Engineering Fr. Agnel's C.Rodrigues College of Engineering 17/03/2023 10.00   621.9 AFT1137 17/03/2023 10.00 17/03/2023 BOOK